00322nam a2200157Ia 4500008004100000041000800041100001100049245003100060250000800091300000800099365001000107500000900117520000900126650001000135999001900145230605s9999 xx 000 0 und d aeng ajerrmy aOxforda-z of english usage a2nd a194 b249.5 a2181 aMisc aDict. c419340d419340